000 00586 a2200193 4500
001 61861
005 20260407155910.0
008 260407a1972 arg spa d
003 AR-UNSa-BCEJYS
040 _aAR-UNSa-BCEJYS
_bspa
_cAR-UNSa-BCEJYS
080 _a347.725
_xSociedades públicas. Sociedades anónimas (Sociedades por acciones)
245 1 0 _aBonos de trabajo en la sociedad anónima
264 1 _aBuenos Aires :
_bCangallo
_c1972
300 _a184 p.
_c20 cm.
041 _aspa
942 _cBK
590 _aniveau_biblio:m niveau_hierar:0
100 1 _aPerrotta, Salvador R.
999 _c7451
_d7451